000 00745nam a2200229 4500
001 32484
003 AR-RoBPED
005 20260401100616.0
008 260331s1970 es ||||er|||| 00| 1 spa d
040 _aAR-RoBPED
041 _aspa
100 1 _aGómez de la Serna, Ramón
_d1888-1963
_96960
245 1 3 _aEl caballero del hongo gris /
_cRamon Gomez de la Serna y Gaspar Gomez de la Serna.
260 _aEspaña:
_bSalvat,
_c1970.
300 _a177 p.
490 0 _a(Biblioteca Básica Salvat)
650 4 _aLITERATURA ESPAÑOLA
_9687
650 4 _aNOVELAS
_925
700 _aGómez de la Serna, Gaspar
_d1918-1974
_930678
_eprol.
942 _2udc
_ak. 32484
_cBK
_h860-31
_mG 68 c
_ninv. 42346
945 _amm 31/03/2026 - cd 01/04/2026
999 _c32484
_d32484